000 00485nam a2200181Ia 4500
003 OSt
005 20201130094146.0
008 190216s9999||||xx |||||||||||||| ||und||
020 _a8171807410
040 _coclc
082 _a894.8123
_bPRE/G
100 _aPremchand
_95683
245 0 _aGaban /
_cPremchand
260 _bPoorna Pubs,
_c2000.
_aKozhikode:
300 _a66p
650 _aNovel Malayalam
942 _cBK
_2ddc
_h894.8123
_iPRE/G
_k894.8123
_mPRE/G
999 _c28131
_d28131